| 000 | 00469nam a22001337a 4500 | ||
|---|---|---|---|
| 020 | _a9787515409764 | ||
| 082 |
_a951 _bICC |
||
| 100 | _aThe Institute of Contemporary China Studies | ||
| 245 |
_aA Concise history of the people's republic of China (1949-2019) _cThe Institute of Contemporary China Studies |
||
| 260 |
_aBeijing _bContemporary China Publishing House _c2019 |
||
| 300 | _a233p | ||
| 942 |
_2ddc _cBK |
||
| 999 |
_c587901 _d587901 |
||